| 000 | 00499cam a2200181 a 4500 | ||
|---|---|---|---|
| 001 | sa 68009392 | ||
| 003 | DLC | ||
| 005 | 20260227112542.0 | ||
| 008 | 980409s1948 ii 000 0 tam | ||
| 010 | _asa 68009392 | ||
| 040 |
_aDLC _cDLC |
||
| 050 | 0 | 0 |
_aPL4758.9.P243 _bM3 |
| 100 | 1 | _aPālakuru, N. I. | |
| 245 | 1 | 0 |
_aMakkaḷ āṭci : _bkavitaik katai / _cāciriyar En̲.I. Pālakuru. |
| 260 |
_aĒrōṭu : _bArccun̲an̲ Nilaiyam, _c1948. |
||
| 300 |
_a18 p. ; _c19 cm. |
||
| 546 | _aIn Tamil. | ||
| 999 |
_c82901 _d82901 |
||